[Event "Paulista-ch (Women)"]
[Site "Sao Paulo"]
[Date "2023.09.01"]
[Round "2"]
[White "Bispo, Marcia de Lima"]
[Black "Correa, Livia Leite"]
[Result "0-1"]
[WhiteElo "1211"]
[BlackElo "1181"]
[PlyCount "86"]
[EventDate "2023.09.01"]
[EventType "swiss"]
[EventRounds "6"]
[EventCountry "BRA"]
[SourceTitle "EXT 2024"]
[Source "ChessBase"]
[SourceDate "2023.10.10"]
[SourceVersion "1"]
[SourceVersionDate "2023.10.10"]
[SourceQuality "1"]

1. e4 c6 2. d4 d5 3. exd5 cxd5 4. Nf3 Bf5 5. Bd3 Bxd3 6. Qxd3 e6 7. 0-0 Nf6 8. Bg5 Be7 9. Qb5+ Qd7 10. Qe2 Nc6 11. c3 0-0 12. Nbd2 h6 13. Bh4 a6 14. Ne5 Nxe5 15. dxe5 Nh7 16. Bxe7 Qxe7 17. f4 Qc7 18. Rf3 Qb6+ 19. Kh1 Qxb2 20. Rb1 Qc2 21. Qf2 Rfc8 22. Qd4 Rc4 23. Qf2 Rxc3 24. Rxc3 Qxc3 25. Nf3 b5 26. Re1 Rc8 27. Qb6 Qc6 28. Qa7 Rc7 29. Qd4 Qc5 30. Qd3 Qc4 31. Qa3 b4 32. Qa4 Nf8 33. g3 Qc3 34. Rf1 Qd3 35. Rf2 Qb5 36. Qd1 Nd7 37. Kg2 Nb6 38. f5 Nc4 39. Kh3 Ne3 40. Qb1 Nxf5 41. g4 Ne3 42. Nd4 Qc4 43. Nxe6 Qxg4# 0-1

[Event "Sao Paulo op-C U1700 7th"]
[Site "Sao Paulo"]
[Date "2018.03.30"]
[Round "2"]
[White "Bispo, Marcia de Lima"]
[Black "Penha, Evelyn Maximiano"]
[Result "0-1"]
[WhiteElo "1222"]
[BlackElo "1630"]
[PlyCount "59"]
[EventDate "2018.03.30"]
[EventType "swiss"]
[EventRounds "6"]
[EventCountry "BRA"]
[SourceTitle "EXT 2021"]
[Source "ChessBase"]
[SourceDate "2020.10.23"]
[SourceVersion "1"]
[SourceVersionDate "2020.10.23"]
[SourceQuality "1"]

1. e4 c5 2. Nf3 e6 3. d4 cxd4 4. Nxd4 a6 5. Bd3 Nf6 6. Nc3 Qc7 7. Be3 Nc6 8. 0-0 Bd6 9. Nf3 Ng4 10. g3 Nxe3 11. fxe3 Bc5 12. Qe2 Be7 13. Rf2 Ne5 14. Nh4 Bg5 15. Raf1 b6 16. Nf3 Bf6 17. Nxe5 Qxe5 18. Rf4 h5 19. Nd5 exd5 20. Rf5 Qxb2 21. Rxh5 Rxh5 22. Qxh5 Qe5 23. Rf5 Qa1+ 24. Rf1 Qc3 25. exd5 Qe5 26. Rf5 Qxe3+ 27. Kg2 g6 28. Qh7 gxf5 29. d6 Bb7+ 30. Kh3 0-1

[Event "Florianopolis op 4th"]
[Site "Florianopolis"]
[Date "2018.01.20"]
[Round "2"]
[White "Queiroz da Costa, Alan Patrick"]
[Black "Bispo, Marcia de Lima"]
[Result "1-0"]
[WhiteElo "1562"]
[BlackElo "1231"]
[PlyCount "99"]
[EventDate "2018.01.19"]
[EventType "swiss"]
[EventRounds "10"]
[EventCountry "BRA"]
[SourceTitle "CBM 182 Extra"]
[Source "ChessBase"]
[SourceDate "2018.02.23"]
[SourceVersion "1"]
[SourceVersionDate "2018.02.23"]
[SourceQuality "1"]

1. c4 c5 2. Nc3 Nf6 3. Nf3 g6 4. g3 Bg7 5. Bg2 Nc6 6. 0-0 b6 7. d3 Bb7 8. Bd2 Qb8 9. Qc1 0-0 10. Bh6 Nd4 11. Bxg7 Nxf3+ 12. Bxf3 Kxg7 13. Bxb7 Qxb7 14. e4 e5 15. f4 d6 16. fxe5 dxe5 17. Qg5 Nd7 18. Nd5 f6 19. Qh4 Rf7 20. g4 Raf8 21. Rf3 b5 22. b3 a5 23. Raf1 bxc4 24. dxc4 a4 25. Rh3 Kh8 26. Qf2 axb3 27. Rxb3 Qa6 28. Qc2 f5 29. exf5 gxf5 30. gxf5 Rg8+ 31. Rg3 Qh6 32. Rxg8+ Kxg8 33. Kh1 Nf6 34. Rg1+ Kh8 35. Qb2 Nd7 36. Qg2 Rg7 37. Qxg7+ Qxg7 38. Rxg7 Kxg7 39. Kg2 Kh6 40. Kf3 Kg5 41. Ke4 h5 42. a4 h4 43. a5 Nb8 44. h3 Kh6 45. Nc7 Kg7 46. a6 Nc6 47. Nb5 Kf7 48. a7 Nxa7 49. Nxa7 Kf6 50. Kd5 1-0

[Event "BRA-ch Amateur U1600"]
[Site "Sao Paulo"]
[Date "2017.10.15"]
[Round "7"]
[White "Fantinati, Nilton M Nascimento"]
[Black "Bispo, Marcia de Lima"]
[Result "1/2-1/2"]
[WhiteElo "1546"]
[BlackElo "1176"]
[PlyCount "48"]
[EventDate "2017.10.12"]
[EventType "swiss"]
[EventRounds "7"]
[EventCountry "BRA"]
[SourceTitle "EXT 2022"]
[Source "ChessBase"]
[SourceDate "2021.10.06"]
[SourceVersion "1"]
[SourceVersionDate "2021.10.06"]
[SourceQuality "1"]

1. b3 Nf6 2. Bb2 d5 3. e3 Nc6 4. Bb5 a6 5. Bxc6+ bxc6 6. Nf3 e6 7. 0-0 Bd6 8. d3 0-0 9. Nbd2 Qe7 10. Ne5 Nd7 11. Nxc6 Qh4 12. Nf3 Qh6 13. h3 Re8 14. Nfe5 Nxe5 15. Nxe5 f6 16. Ng4 Qg6 17. Qf3 e5 18. Qxd5+ Kh8 19. Qxa8 Bxg4 20. Qxe8+ Qxe8 21. hxg4 Qg6 22. f3 f5 23. gxf5 Qxf5 24. Kf2 Qg5 1/2-1/2

[Event "Caioba Telecom op"]
[Site "Caioba"]
[Date "2017.10.01"]
[Round "8"]
[White "Kim, Marcos"]
[Black "Bispo, Marcia de Lima"]
[Result "0-1"]
[WhiteElo "1492"]
[BlackElo "1176"]
[PlyCount "54"]
[EventDate "2017.09.28"]
[EventType "swiss"]
[EventRounds "8"]
[EventCountry "BRA"]
[SourceTitle "EXT 2020"]
[Source "ChessBase"]
[SourceDate "2019.10.17"]
[SourceVersion "1"]
[SourceVersionDate "2019.10.17"]
[SourceQuality "1"]

1. e4 c5 2. c3 g6 3. Nf3 Nc6 4. d4 cxd4 5. cxd4 Bg7 6. Be3 d6 7. Nbd2 Nf6 8. h3 Qa5 9. Bd3 0-0 10. 0-0 e5 11. d5 Ne7 12. Nc4 Qd8 13. Qd2 Ne8 14. Bh6 f5 15. Bxg7 Nxg7 16. Qh6 Nh5 17. Qd2 Nf4 18. Kh2 Nxd3 19. Qxd3 fxe4 20. Qxe4 Bf5 21. Qe2 Nxd5 22. Qd2 Be6 23. b3 Rxf3 24. gxf3 Qh4 25. Rh1 Rf8 26. Qe2 Nf4 27. Qc2 Qxh3+ 0-1

[Event "Caioba Telecom op"]
[Site "Caioba"]
[Date "2017.09.28"]
[Round "2"]
[White "Bispo, Marcia de Lima"]
[Black "Machado, Antonio Rodrigo"]
[Result "0-1"]
[WhiteElo "1176"]
[BlackElo "1662"]
[PlyCount "44"]
[EventDate "2017.09.28"]
[EventType "swiss"]
[EventRounds "8"]
[EventCountry "BRA"]
[SourceTitle "EXT 2018"]
[Source "ChessBase"]
[SourceDate "2017.10.13"]
[SourceVersion "1"]
[SourceVersionDate "2017.10.13"]
[SourceQuality "1"]

1. e4 e5 2. Nf3 Nc6 3. d4 exd4 4. Nxd4 Bc5 5. Nf5 Nf6 6. Nxg7+ Kf8 7. Bh6 Bxf2+ 8. Kxf2 Nxe4+ 9. Ke1 Qh4+ 10. g3 Qxh6 11. Nf5 Qe6 12. Ne3 Nxg3 13. hxg3 Qxe3+ 14. Be2 Qxg3+ 15. Kf1 d6 16. Qd3 Qf4+ 17. Ke1 Qc1+ 18. Qd1 Qxb2 19. Nd2 Nd4 20. Bd3 Bf5 21. Bxf5 Nxf5 22. Kf2 Qd4+ 0-1

[Event "Florianopolis op 3rd"]
[Site "Florianopolis"]
[Date "2017.01.25"]
[Round "8"]
[White "Bispo, Marcia de Lima"]
[Black "Pereira, Armando Scharlau"]
[Result "0-1"]
[WhiteElo "1147"]
[BlackElo "1719"]
[PlyCount "68"]
[EventDate "2017.01.20"]
[EventType "swiss"]
[EventRounds "10"]
[EventCountry "BRA"]
[SourceTitle "CBM 176 Extra"]
[Source "ChessBase"]
[SourceDate "2017.03.02"]
[SourceVersion "1"]
[SourceVersionDate "2017.03.02"]
[SourceQuality "1"]

1. e4 e6 2. Nf3 d5 3. exd5 exd5 4. d4 Nf6 5. c4 Bb4+ 6. Bd2 Bxd2+ 7. Nbxd2 0-0 8. Be2 h6 9. 0-0 Bf5 10. Nh4 Bh7 11. Rc1 c6 12. Nhf3 Nbd7 13. Ne5 Ne4 14. Bd3 Nxe5 15. dxe5 Nxd2 16. Bxh7+ Kxh7 17. Qxd2 dxc4 18. Qxd8 Raxd8 19. Rxc4 Rd2 20. Rb4 b6 21. Rc1 Rfd8 22. g3 c5 23. Rb3 Re2 24. f4 Rdd2 25. Rf3 Rxb2 26. f5 Rxe5 27. g4 Rxa2 28. Rd1 Ree2 29. h4 Rg2+ 30. Kh1 Rh2+ 31. Kg1 Rag2+ 32. Kf1 Rxg4 33. Rd7 Rd4 34. Rxd4 cxd4 0-1

[Event "Florianopolis op 3rd"]
[Site "Florianopolis"]
[Date "2017.01.24"]
[Round "7"]
[White "Bonvini, Adriana Tonhati"]
[Black "Bispo, Marcia de Lima"]
[Result "0-1"]
[WhiteElo "1603"]
[BlackElo "1147"]
[PlyCount "56"]
[EventDate "2017.01.20"]
[EventType "swiss"]
[EventRounds "10"]
[EventCountry "BRA"]
[SourceTitle "CBM 176 Extra"]
[Source "ChessBase"]
[SourceDate "2017.03.02"]
[SourceVersion "1"]
[SourceVersionDate "2017.03.02"]
[SourceQuality "1"]

1. e4 c5 2. Nc3 e6 3. Bc4 Nc6 4. f4 Nd4 5. Nf3 a6 6. a3 b5 7. Ba2 Bb7 8. 0-0 f5 9. Ng5 b4 10. exf5 Nxf5 11. axb4 cxb4 12. Na4 Nf6 13. c3 Be7 14. d4 bxc3 15. bxc3 0-0 16. Nxe6 dxe6 17. Bxe6+ Kh8 18. Bxf5 Qd5 19. Bh3 Rad8 20. Ba3 Bxa3 21. Rxa3 Ne4 22. Qf3 Qd6 23. Nc5 Nd2 24. Qxb7 Nxf1 25. Rxa6 Qxf4 26. Ne6 Qe3+ 27. Kh1 Ng3+ 28. hxg3 Rf1+ 0-1

[Event "Florianopolis op 3rd"]
[Site "Florianopolis"]
[Date "2017.01.23"]
[Round "5"]
[White "Bispo, Marcia de Lima"]
[Black "Coelho, Tatiane Cristina"]
[Result "0-1"]
[WhiteElo "1147"]
[BlackElo "1776"]
[PlyCount "82"]
[EventDate "2017.01.20"]
[EventType "swiss"]
[EventRounds "10"]
[EventCountry "BRA"]
[SourceTitle "CBM 176 Extra"]
[Source "ChessBase"]
[SourceDate "2017.03.02"]
[SourceVersion "1"]
[SourceVersionDate "2017.03.02"]
[SourceQuality "1"]

1. e4 e5 2. Nf3 Nc6 3. Bc4 Bc5 4. Nc3 Nf6 5. d3 0-0 6. Bg5 Be7 7. Bb5 d6 8. 0-0 Bg4 9. Bxf6 Bxf6 10. h3 Bh5 11. Bxc6 bxc6 12. g4 Bg6 13. Ne2 Rb8 14. Rb1 h5 15. Nh2 d5 16. Ng3 hxg4 17. hxg4 Bg5 18. Nf3 Bf4 19. Nh5 Bxh5 20. gxh5 Qd7 21. exd5 cxd5 22. Qe2 Qg4+ 23. Kh1 Qxh5+ 24. Kg2 Rb6 25. Rg1 Rg6+ 26. Kf1 Qh3+ 27. Ke1 Re8 28. Rxg6 fxg6 29. Nd2 e4 30. Qf1 exd3+ 31. Kd1 Qxf1+ 32. Nxf1 dxc2+ 33. Kxc2 Re2+ 34. Kd3 Rxf2 35. Kd4 c6 36. Kc5 Rc2+ 37. Kd4 g5 38. Kd3 Rf2 39. a4 g4 40. b4 g3 41. Re1 g2 0-1

[Event "Florianopolis op 3rd"]
[Site "Florianopolis"]
[Date "2017.01.22"]
[Round "4"]
[White "Blau, Vitoria Caroline"]
[Black "Bispo, Marcia de Lima"]
[Result "0-1"]
[WhiteElo "1355"]
[BlackElo "1147"]
[PlyCount "104"]
[EventDate "2017.01.20"]
[EventType "swiss"]
[EventRounds "10"]
[EventCountry "BRA"]
[SourceTitle "CBM 176 Extra"]
[Source "ChessBase"]
[SourceDate "2017.03.02"]
[SourceVersion "1"]
[SourceVersionDate "2017.03.02"]
[SourceQuality "1"]

1. d4 Nf6 2. c4 g6 3. Nc3 Bg7 4. e4 d6 5. Nf3 Bg4 6. Be2 0-0 7. 0-0 Nbd7 8. Be3 c5 9. d5 Ne8 10. Qd2 Bxf3 11. Bxf3 Ne5 12. Be2 e6 13. Rfe1 exd5 14. exd5 f5 15. g3 h5 16. h4 Ng4 17. Bf4 Bd4 18. Bxg4 fxg4 19. Nb5 Bg7 20. Re2 a6 21. Nc3 Nc7 22. Rae1 b5 23. cxb5 Nxb5 24. Nxb5 axb5 25. a3 Qb6 26. Qe3 Rae8 27. Qd2 Rxe2 28. Rxe2 Bd4 29. Be3 Be5 30. Kg2 Qb7 31. Bf4 Bd4 32. Bxd6 Qxd5+ 33. Kg1 Qxd6 34. Qc2 Bxf2+ 35. Rxf2 Qxg3+ 36. Kf1 Rxf2+ 37. Qxf2 Qxf2+ 38. Kxf2 Kf7 39. Kg3 Kf6 40. Kf4 Ke6 41. b3 Kd5 42. Ke3 Ke5 43. a4 Kd5 44. a5 Kc6 45. Kd3 b4 46. Kc4 g3 47. a6 Kb6 48. a7 Kxa7 49. Kxc5 g2 50. Kxb4 g1Q 51. Ka4 Qd4+ 52. b4 Qxh4 0-1

[Event "Florianopolis op 3rd"]
[Site "Florianopolis"]
[Date "2017.01.21"]
[Round "3"]
[White "Bispo, Marcia de Lima"]
[Black "Luz, Christian Oliveira"]
[Result "1/2-1/2"]
[WhiteElo "1147"]
[BlackElo "1750"]
[PlyCount "80"]
[EventDate "2017.01.20"]
[EventType "swiss"]
[EventRounds "10"]
[EventCountry "BRA"]
[SourceTitle "CBM 176 Extra"]
[Source "ChessBase"]
[SourceDate "2017.03.02"]
[SourceVersion "1"]
[SourceVersionDate "2017.03.02"]
[SourceQuality "1"]

1. e4 g6 2. Nf3 d6 3. Bc4 Nf6 4. Ng5 e6 5. d3 Bg7 6. 0-0 0-0 7. Be3 Nc6 8. Qd2 d5 9. exd5 exd5 10. Bb5 Qd6 11. c3 Re8 12. Bf4 Qd7 13. h3 a6 14. Bxc6 bxc6 15. Nf3 c5 16. Ne5 Qb5 17. c4 dxc4 18. dxc4 Qb6 19. Nc3 Be6 20. Na4 Qa7 21. Qa5 Nh5 22. Nc6 Qb7 23. Qxc7 Qxc7 24. Bxc7 Rac8 25. Ne7+ Rxe7 26. Bd6 Rb7 27. Nxc5 Rxb2 28. Rac1 Rbb8 29. Nxe6 fxe6 30. c5 Rc6 31. Rfe1 Bf8 32. Bxf8 Kxf8 33. Re5 Nf4 34. Rc2 Nd5 35. Rd2 Rxc5 36. Rxe6 Rc1+ 37. Kh2 Kf7 38. Rxa6 Nb4 39. Rd7+ Kg8 40. Raa7 Nc6 1/2-1/2

[Event "Florianopolis op 3rd"]
[Site "Florianopolis"]
[Date "2017.01.21"]
[Round "2"]
[White "Venter, Paulo Regis"]
[Black "Bispo, Marcia de Lima"]
[Result "1-0"]
[WhiteElo "1677"]
[BlackElo "1147"]
[PlyCount "69"]
[EventDate "2017.01.20"]
[EventType "swiss"]
[EventRounds "10"]
[EventCountry "BRA"]
[SourceTitle "CBM 176 Extra"]
[Source "ChessBase"]
[SourceDate "2017.03.02"]
[SourceVersion "1"]
[SourceVersionDate "2017.03.02"]
[SourceQuality "1"]

1. c4 Nf6 2. Nc3 c5 3. g3 d5 4. Bg2 d4 5. Nd5 Nxd5 6. cxd5 e6 7. dxe6 fxe6 8. Qa4+ Qd7 9. Qb3 Nc6 10. f4 Be7 11. Nf3 0-0 12. d3 Kh8 13. 0-0 Bf6 14. Nd2 e5 15. Ne4 b6 16. fxe5 Be7 17. Rxf8+ Bxf8 18. Ng5 g6 19. Qf7 Qxf7 20. Nxf7+ Kg7 21. Bxc6 Kxf7 22. Bxa8 Bh3 23. Bd5+ Ke7 24. Bg5+ Kd7 25. e3 Bg7 26. exd4 cxd4 27. e6+ Kd6 28. e7 Bd7 29. Bf7 h6 30. e8Q Bxe8 31. Bxe8 hxg5 32. Bxg6 Bh6 33. g4 Ke5 34. Rf1 Bg7 35. Rf5+ 1-0